André Thomkins (Record no. 4626)
[ view plain ]
| 000 - LÍDER | |
|---|---|
| campo de control de longitud fija | 00727nam a2200193Ia 4500 |
| 008 - ELEMENTOS DE DATOS DE LONGITUD FIJA - INFORMACIÓN GENERAL | |
| campo de control de longitud fija | 0000001995 sz a 0000000000fre00 |
| 090 ## - NÚMERO DE LLAMADA DE TIPO LC LOCALMENTE ASIGNADO (OCLC) | |
| Número de clasificación (OCLC) (R) | PSZ00 T36a |
| 100 1# - ENTRADA PRINCIPAL - NOMBRE PERSONAL | |
| Nombre de la persona | Thomkins, André |
| Fechas asociadas a un nombre | 1930 |
| 245 10 - TÍTULO DECLARACIÓN | |
| Título | André Thomkins |
| Resto del título | : ziegler |
| 260 ## - PUBLICACIÓN, DISTRIBUCIÓN | |
| Lugar de publicación | Zurich : Galerie Renée Ziegler |
| Fecha de publicación | 1995 |
| 300 ## - DESCRIPCIÓN FÍSICA | |
| Alcance | 1 plegable [6] p. |
| Dimensiones | / 21 cm. |
| 500 ## - NOTA GENERAL | |
| Nota general | Exposición realizada en Galerie Renée Ziegler, Zurich, Marzo 18 Mayo 20, 1995 \ Con el patronazgo del maestro venezolano Jesús Rafael Soto (q.e.p.d.) |
| 600 00 - ENTRADA DE SUJETO AÑADIDO - NOMBRE PERSONAL | |
| Nombre de la persona | THOMKINS, ANDRE, 1930198/ |
| Subdivisión general | TRABAJOS PICTORICOS |
| 650 14 - ENTRADA DE SUJETO AÑADIDO - TÉRMINO TÓPICO | |
| Término tópico o elemento de entrada del nombre geográfico | ARTE CONTEMPORANEO SUIZO |
| 650 14 - ENTRADA DE SUJETO AÑADIDO - TÉRMINO TÓPICO | |
| Subdivisión general | CATALOGOS |
| 650 14 - ENTRADA DE SUJETO AÑADIDO - TÉRMINO TÓPICO | |
| Subdivisión general | EXPOSICIONES |
| 650 14 - ENTRADA DE SUJETO AÑADIDO - TÉRMINO TÓPICO | |
| Término tópico o elemento de entrada del nombre geográfico | PINTORES SUIZOS |
| 650 14 - ENTRADA DE SUJETO AÑADIDO - TÉRMINO TÓPICO | |
| Término tópico o elemento de entrada del nombre geográfico | PINTURA SUIZA |
| Estado de retirada | Pérdida de estatus | Estado dañado | No para préstamo | Código de recogida | Ubicación permanente | Ubicación actual | Ubicación de las estanterías | Fecha de adquisición | Número de llamada completo | Código de barras | Fecha de la última vez que se vio | Número de copia | Precio efectivo desde | Tipo de artículo Koha |
|---|---|---|---|---|---|---|---|---|---|---|---|---|---|---|
| General | ArtNexus | ArtNexus | General | 06/09/2022 | P-SZ-00 T36A | 4630 | 06/09/2022 | Ej.1 | 06/09/2022 | Libro |